Murphy's law and other reasons why things go wrong (Record no. 32802)

MARC details
000 -LEADER
fixed length control field 00435nam a2200169Ia 4500
020 ## - INTERNATIONAL STANDARD BOOK NUMBER
ISBN 0- 8431- 0428- 7
050 ## - CALL MARK
Classification number PN 6231 .M82 .B57/
100 ## - STATEMENT OF RESPONSIBILITY--MAIN AUTHOR NAME
Personal name Arthur Bloch
245 #0 - TITLE STATEMENT
Title Murphy's law and other reasons why things go wrong
260 ## - PUBLICATION, DISTRIBUTION, ETC. (IMPRINT)
Place of publication USA
260 ## - PUBLICATION, DISTRIBUTION, ETC. (IMPRINT)
Name of publisher Price/ stern/ sloan publishers, inc.
260 ## - PUBLICATION, DISTRIBUTION, ETC. (IMPRINT)
Year of publication 1977
300 ## - PHYSICAL DESCRIPTION
Number of Pages 96 p
942 ## - ADDED ENTRY ELEMENTS (KOHA)
Koha item type Books
Holdings
Withdrawn status Lost status Source of classification or shelving scheme Damaged status Not for loan Permanent Location Current Location Date acquired Accession Number Price effective from Koha item type
    Library of Congress Classification     NILE UNIVERSITY OF NIGERIA - MAIN LIBRARY NILE UNIVERSITY OF NIGERIA - MAIN LIBRARY 04/23/2025 0005664 04/23/2025 Books